Empleo y exclusión social: rentas mínimas y otros mecanismos de inserción sociolaboral
Guardat en:
| Autor principal: | |
|---|---|
| Format: | Llibre |
| Idioma: | espanyol |
| Publicat: |
Albacete
Bomarzo
2008
|
| Edició: | 1a. ed |
| Matèries: | |
| Etiquetes: |
Afegir etiqueta
Sense etiquetes, Sigues el primer a etiquetar aquest registre!
|
MARC
| LEADER | 00000nam a2200000 a 4500 | ||
|---|---|---|---|
| 001 | UCH4766 | ||
| 003 | CL-VaPUC | ||
| 008 | 090903e20080000SP |||||||||||||||||spa|d | ||
| 020 | |a 9788496721579 | ||
| 082 | 0 | 4 | |a 305.8 |b CAR |2 21 |
| 100 | 0 | |a Cardona Rubert, María Belén |e author |9 540691 | |
| 245 | 1 | 0 | |a Empleo y exclusión social: rentas mínimas y otros mecanismos de inserción sociolaboral |
| 250 | |a 1a. ed | ||
| 300 | |a 301 p | ||
| 942 | |c BK | ||
| 945 | |d 20090903 00:00:00 |a dcastane | ||
| 260 | |a Albacete |b Bomarzo |c 2008 | ||
| 650 | 0 | |a Desigualdad social |9 349409 | |
| 650 | 0 | |a Discriminación |9 335101 | |
| 650 | 0 | |a Pobreza |9 258652 | |
| 650 | 0 | |a Problemas sociales |9 258537 | |
| 650 | 0 | |a Empleo |9 339124 | |
| 583 | |a last modification |c 20090903 00:00:00 |k Rodrigo Vera | ||
| 999 | |c 336034 |d 336032 | ||
| 952 | |0 0 |1 0 |4 0 |6 305_800000000000000_CAR_2008 |7 0 |8 A |9 426917 |a BIBDER |b BIBDER |d 2019-11-22 |i 459696K |o 305.8 CAR 2008 |p 459696K |r 2023-01-25 |w 2019-11-22 |y BK |k DER | ||